000 01017nam0a22003011 4500
001 rc\2141826
005 20250623030320.0
035 _a(NLR Aleph) 006539245
090 _a6618616
_c6618616
100 _a20110826d1978 |||y0rusy50 ca
101 0 _arus
102 _aRU
105 _aa z |||||
200 1 _aГидропневмоавтоматика
_eУчеб. пособие
210 _aЛенинград
_cЛПИ
_d1978
215 _a83 с.
_cил.
_d21
300 _aВ надзаг.: Ленингр. политехн. ин-т им. М.И. Калинина
320 _aСписок лит.: с. 82 (21 назв.)
606 _aПневматические приводы
_xРасчет
_2psbo
686 _aз965.2я73-1
_2rubbk
700 1 _aКукушкин
_bА.П.
_f1924-
_gАндрей Петрович
801 0 _aRU
_bNLR
_gpsbo
801 1 _aRU
_bELAR
_2rusmarc
852 _aNLR
_j78-6/3099
899 _aRuMoRGB
_jБ 78-54/3328
899 _aRuMoRGB
_jБ 78-54/3329
942 _cBOOK
980 _aNB